Statistics for Washington Cities With Passenger Airports

Click here to take the quiz!

General Stats

  • This quiz has been taken 35 times
    (32 since last reset)
  • The average score is 10 of 15

Answer Stats

HintAnswer% Correct
GEGSpokane
96%
BFISeattle
92%
SEASeattle
92%
LKESeattle
92%
YKMYakima
77%
BLIBellingham
73%
PSCPasco
73%
PUWPullman
73%
PAEEverett
69%
ALWWalla Walla
69%
EATWenatchee
69%
FRDFriday Harbor
42%
W33Friday Harbor
42%
CLMPort Angeles
38%
ESDEastsound
15%

Score Distribution

Percentile by Number Answered

Percent of People with Each Score

Your Score History

You have not taken this quiz since the last reset